[Event "Bogota El Tablazo op-B"]
[Site "Bogota"]
[Date "2022.06.27"]
[Round "7.5"]
[White "Sanfiz, Rodrigo Sebastian"]
[Black "Arandia la Rosa, Eduardo Jose"]
[Result "1-0"]
[WhiteElo "1644"]
[BlackElo "1960"]
[PlyCount "69"]
[EventDate "2022.06.24"]
[EventType "swiss"]
[EventRounds "7"]
[EventCountry "COL"]
[SourceTitle "EXT 2024"]
[Source "ChessBase"]
[SourceDate "2023.10.10"]
[SourceVersion "1"]
[SourceVersionDate "2023.10.10"]
[SourceQuality "1"]

1. e4 c5 2. Nf3 d6 3. d4 cxd4 4. Nxd4 a6 5. Bc4 Nf6 6. Nc3 e6 7. Bb3 Nbd7 8. f4 Nc5 9. Qf3 Be7 10. Be3 Nxb3 11. axb3 0-0 12. g4 e5 13. Nf5 Bxf5 14. exf5 exf4 15. Bxf4 d5 16. 0-0-0 Qa5 17. g5 Ne4 18. Rxd5 Qa1+ 19. Nb1 Nxg5 20. Qg2 Bf6 21. c3 Rac8 22. Kc2 h6 23. h4 Nh7 24. Bxh6 Kh8 25. Bg5 Rc6 26. Rg1 Rg8 27. Bxf6 Nxf6 28. Rd8 Nh5 29. Rxg8+ Kxg8 30. Qg5 Rh6 31. Qxh6 Qa5 32. Qxh5 Qe5 33. Nd2 b5 34. Qg5 b4 35. Qxg7+ 1-0

[Event "Soacha op-B"]
[Site "Soacha"]
[Date "2021.09.12"]
[Round "9"]
[White "Arandia la Rosa, Eduardo Jose"]
[Black "Bolanos Lopez, Juan Jacobo"]
[Result "1/2-1/2"]
[WhiteElo "1962"]
[BlackElo "1603"]
[PlyCount "114"]
[EventDate "2021.09.08"]
[EventType "swiss"]
[EventRounds "9"]
[EventCountry "COL"]
[SourceTitle "CBM 204 Extra"]
[Source "ChessBase"]
[SourceDate "2021.11.30"]
[SourceVersion "1"]
[SourceVersionDate "2021.11.30"]
[SourceQuality "1"]

1. c4 Nf6 2. g3 g6 3. Bg2 Bg7 4. Nc3 0-0 5. Nf3 d6 6. 0-0 Nbd7 7. Rb1 e5 8. d3 Nh5 9. Bg5 f6 10. Bd2 f5 11. Bg5 Nhf6 12. Qc1 Qe8 13. Nb5 Qd8 14. Re1 a6 15. Nc3 Qe8 16. e4 fxe4 17. Nxe4 Nxe4 18. Rxe4 Nc5 19. Rh4 Qf7 20. Qe3 Bf5 21. Ne1 c6 22. Rd1 Ne6 23. Nf3 Nd4 24. Nxd4 exd4 25. Qe7 Rae8 26. Qxf7+ Rxf7 27. b4 Re2 28. b5 axb5 29. cxb5 cxb5 30. Bd5 Be6 31. Re4 Rxe4 32. Bxe4 Rc7 33. Rb1 d5 34. Bf3 Rc3 35. Rxb5 Rxd3 36. Bxd5 Bxd5 37. Rxd5 Ra3 38. Rd8+ Kf7 39. Rd7+ Kg8 40. Rxb7 Rxa2 41. Rd7 Ra5 42. Bf4 g5 43. Bd2 Rf5 44. Kg2 h5 45. f3 Kh7 46. g4 hxg4 47. fxg4 Rc5 48. Kf3 Kg6 49. Rb7 Be5 50. h3 Rc2 51. Rb6+ Bf6 52. Bb4 Kg7 53. Rb7+ Kg6 54. Be7 Rc3+ 55. Kg2 Rc2+ 56. Kf3 Rc3+ 57. Kg2 Rc2+ 1/2-1/2